Responses for show #4966 - Monday, March 27, 2006

Contestants

[<< previous game]

Nemanja Dundjerovic, an electrical engineer from Ottawa, Ontario, Canada

Trisha Murai, a teacher originally from San Bruno, California

Ed Angleton, a biochemist from Indianapolis, Indiana (whose 2-day cash winnings total $25,599)

[next game >>]

Jeopardy! Round responses

ON THE EQUATOR
THE HEISMAN TROPHY
ALSO A MUSICAL INSTRUMENT
MADE YA LOOK--UP!
NURSERY RHYME PREVIEWS
(Alex: As narrated by Don LaFontaine.)
ONOMATOPOEIA
    $200 24
the Atlantic, the Pacific & the Indian

Ed
    $200 6
(Ed: What is UCLA?)
(Trisha: What is the University of Michigan?)
...
(Alex: The blue and gold in this case is [*]. Tied with USC for seven Heisman winners.)

Notre Dame

EdTrisha
Triple Stumper
    $200 15
Bells

Trisha
    $200 14
a scoreboard

Ed
    $200 11
(Alex: Yes, and our thanks to Don LaFontaine.)

Jack & Jill

Trisha
    $200 1
gargle

Nemanja
    $400 25
Gabon

Nemanja
    $400 7
basketball

Ed
    $400 17
horn

Ed
    $400 16
flares

Ed
    $400 12
Tom the Piper's son

Triple Stumper
    $400 2
buzz

Ed
    $1,000 26
(Nemanja: What is Niger?)
(Alex: Oh, no. Niger's a little further north. This is [*]. [*].)

the Congo

Nemanja
    $600 8
(Roger) Staubach

Ed
    $600 18
a triangle

Ed
    $600 21
(Ed: What is Ursa Major?)
(Nemanja: What is Ursa Minor?)
(Trisha: What is the Big Dipper?)
...
(Alex: What is [*]? [*]. Betelgeuse and Rigel.)

Orion

EdTrishaNemanja
Triple Stumper
    $600 13
Wee Willie Winkie

Triple Stumper
    $600 3
to burp

Ed
    $800 27
(Ed: What is Java?)
(Nemanja: What is New Guinea?)

Borneo

EdNemanja
Triple Stumper
    $800 9
Reggie Bush

Trisha
    $800 19
an accordion

Trisha
    $800 22
(Ed: What is a balloon?)
(Alex: Be more specific.)

a weather balloon

Ed
    $800 29
[The end-of-round signal sounds.]

Peter, Peter Pumpkin Eater

Triple Stumper
    $800 4
a cuckoo

Ed
    $1000 28
Uganda

Ed
    $1000 10
(Ed: What is the New York Athletic Club?)
...
(Alex: It was called the DAC Trophy for [*].)

Downtown Athletic Club

Ed
Triple Stumper
    $1000 20
to trumpet

Ed
    $1000 23
terminal velocity

Nemanja
    $1000 5
a bawl

Ed

Scores at the first commercial break (after clue 15):

Ed Trisha Nemanja
$2,800 $1,000 $200

Scores at the end of the Jeopardy! Round:

Ed Trisha Nemanja
$5,800 $1,200 -$800

Double Jeopardy! Round responses

PRESIDENTS & FIRST LADIES
FAKE ROCK BANDS & SINGERS
FILL IN THE LITERARY TITLE
(Alex: I'll give you a lot of letters.)
YOUR EAR, NOSE & THROAT, MAN
"TA" TA
FOUR NOW
    $400 16
Hoover

Ed
    $400 1
Spinal Tap

Triple Stumper
    $400 6
The Red Badge of Courage

Nemanja
    $400 9
(Trisha: What are nostrils?)

sinuses

TrishaNemanja
    $400 17
Taco Bell

Nemanja
    $400 26
a barbershop quartet

Trisha
    $800 22
Harry Truman

Trisha
    $800 2
Married... with Children

Trisha
    $800 7
Death of a Salesman

Trisha
    $800 12
(Ed: What is the "larnyx"?)
(Alex: Yes. No! ...Yes, we'll accept that pronunciation; it's a common pronunciation.)

the larynx

Ed
    $800 18
a tarantula

Trisha
    $800 27
a Crusade

Trisha
    $1200 23
(Ed: Who was Mrs. Grant?)

"Lemonade" Lucy Hayes

Ed
Triple Stumper
    $1200 3
Up in Smoke

Ed
    $1200 8
Heart of Darkness

Ed
    $1200 13
the tympanic membrane

Ed
    $1200 19
the tangent

Ed
    $1200 28
[The end-of-round signal sounds.]

Quebec

Ed
    $2,000 24
(Trisha: Who is... um... Taft?)

Martin Van Buren

Trisha
    $1600 4
The Flintstones

Nemanja
    $1600 10
(Ed: Uh, what is...)

Timon of Athens

EdNemanja
    $1600 14
the labyrinth

Nemanja
    $1600 20
(Sir Henry) Tate

Nemanja
    $2000 25
John Quincy Adams

Triple Stumper
    $2000 5
Bloom County

Triple Stumper
    $2000 11
The Playboy of the Western World

Triple Stumper
    $1,500 15
the eustachian tube

Nemanja
    $2000 21
the tabla

Nemanja

Scores at the end of the Double Jeopardy! Round:

Ed Trisha Nemanja
$10,200 $3,200 $10,300

[wagering suggestions for these scores]

Final Jeopardy! Round responses

MILITARY HISTORY
(Alex: [After Ed's response is revealed] That's a misspelled word which also creates a different pronunciation, and that means we have to rule against you.)
TrishaWhat is Gallipoli?
$1,199
EdWhat is Gallopoli?
$10,000
NemanjaWhat is battle of Gallipoli
$10,200
Gallipoli

Final scores:

Ed Trisha Nemanja
$200 $4,399 $20,500
3rd place: $1,000 2nd place: $2,000 New champion: $20,500

Game dynamics:

Coryat scores:

Ed Trisha Nemanja
$10,200 $5,200 $11,800
21 R,
6 W
10 R,
4 W
(including 1 DD)
12 R
(including 1 DD),
3 W
(including 1 DD)

Combined Coryat: $27,200

The J! Archive is created by fans, for fans. The Jeopardy! game show and all elements thereof, including but not limited to copyright and trademark thereto, are the property of Jeopardy Productions, Inc. and are protected under law. This website is not affiliated with, sponsored by, or operated by Jeopardy Productions, Inc. Join the discussion at JBoard.tv.